Department Of The Navy Ships Control Center (Record no. 71130)

000 -LEADER
fixed length control field 00405nam a22001577a 4500
003 - CONTROL NUMBER IDENTIFIER
control field NUST - PNEC
005 - DATE AND TIME OF LATEST TRANSACTION
control field 20170116181154.0
008 - FIXED-LENGTH DATA ELEMENTS--GENERAL INFORMATION
fixed length control field 160108b xxu||||| |||| 00| 0 eng d
020 ## - INTERNATIONAL STANDARD BOOK NUMBER
International Standard Book Number -
040 ## - CATALOGING SOURCE
Transcribing agency LIBRARY
082 ## - DEWEY DECIMAL CLASSIFICATION NUMBER
Classification number 623.81 HAY
100 ## - MAIN ENTRY--PERSONAL NAME
9 (RLIN) 15778
Personal name Hayward D S
245 ## - TITLE STATEMENT
Title Department Of The Navy Ships Control Center
Statement of responsibility, etc. Hayward D S
650 ## - SUBJECT ADDED ENTRY--TOPICAL TERM
9 (RLIN) 15780
Topical term or geographic name entry element Navy Ships
General subdivision ME, MIS
942 ## - ADDED ENTRY ELEMENTS (KOHA)
Source of classification or shelving scheme
Koha item type Book
Holdings
Withdrawn status Lost status Source of classification or shelving scheme Damaged status Not for loan Permanent Location Current Location Shelving location Date acquired Total Checkouts Full call number Barcode Date last seen Price effective from Koha item type
          Pakistan Navy Engineering College (PNEC) Pakistan Navy Engineering College (PNEC)       623.81 HAY PNECLIB-018485 01/08/2016   Book
© 2023 Central Library, National University of Sciences and Technology. All Rights Reserved.